Normal view MARC view
  • McGraw-Hill

Entry Personal Name

Number of records used in: 10

001 - CONTROL NUMBER

  • control field: 10562

003 - CONTROL NUMBER IDENTIFIER

  • control field: NUST

005 - DATE AND TIME OF LATEST TRANSACTION

  • control field: 20180528092448.0

008 - FIXED-LENGTH DATA ELEMENTS

  • fixed length control field: 180528|| aca||aabn | a|a d

040 ## - CATALOGING SOURCE

  • Original cataloging agency: NUST
  • Transcribing agency: NUST

100 ## - HEADING--PERSONAL NAME

  • Personal name: McGraw-Hill

670 ## - SOURCE DATA FOUND

  • Source citation: Work cat.: (NUST)0: McGraw-Hill, McGraw-Hill dictionary of astronomy., c2003.
© 2023 Central Library, National University of Sciences and Technology. All Rights Reserved.